|
|
|
|
| LEADER |
00000naa a2200000uu 4500 |
| 001 |
vtls010931667 |
| 003 |
SK-MaSNL |
| 005 |
20260302122253.0 |
| 008 |
210902|1999 xo |||||||||||||||||ger| |
| 015 |
|
|
|a SNBRA
|
| 035 |
|
|
|a (urnnbn)urn:nbn:sk:snk:ar-a0b4bf
|
| 035 |
|
|
|a (uuid)d200ffb5-0cf8-48a0-acee-1a528cce552f
|
| 035 |
|
|
|a urn:nbn:sk:snk-aatwt3
|
| 040 |
|
|
|a SNKBUCL
|b slo
|c SNKBUCL
|e AACR2
|
| 041 |
0 |
|
|a ger
|
| 044 |
|
|
|a xo
|c SK
|
| 100 |
1 |
|
|a Weberová, Dagmar
|4 aut
|9 324963
|
| 245 |
1 |
0 |
|a Tests im DaF-Unterricht
|c Dagmar Weberová
|
| 773 |
0 |
|
|t Plenarvorträge und Sektionsbeiträge 4. Deutschlehrertagung des Verbandes der Deutschlehrer und Germanisten der Slowakei, 24.-28. August 1998, Bratislava
|d Bratislava : Mapa Slovakia, 1999
|g S. 129-130
|z 8096812130
|
| 958 |
|
|
|a OND
|
| 958 |
|
|
|a article11
|
| 958 |
|
|
|a chapter
|
| 999 |
|
|
|c 1277284
|d 1279214
|